South-side of Glasgow Pubs and Bars - Statistics

General Stats
  • This quiz has been taken 24 times
  • The average score is 12 of 77
Answer Stats
Answer % Correct
Corona
58%
Allison Arms
53%
Louden Tavern
47%
Louden Tavern
47%
Quayside
42%
Queens Park Cafe
42%
Brazen Head
37%
Church on the Hill
37%
James Tassie
37%
Star Bar
37%
Grapes
32%
Laurieston
32%
Sweeney's on the Park
32%
Victoria Bar
32%
Armstrong's
26%
Finlay's
26%
Old Smiddy
26%
Park Bar
26%
Phillies
26%
Quaich
26%
Brodie's
21%
McNeill's
21%
Old Toll Bar
21%
Union Bar
21%
Bell Jar
16%
Bellrock
16%
Brechin's
16%
Bungo
16%
Clockwork Bar
16%
District Bar
16%
Georgic
16%
International Bar
16%
Kensington
16%
Nia Roo
16%
Penny Farthing
16%
Quo Vadis
16%
Regent
16%
Sharkey's
16%
Bank
11%
Beechings
11%
Beechwood
11%
Florida Park
11%
G41
11%
Hazelwood
11%
McMillan Bar
11%
Parkway
11%
Pollok Inn
11%
Three Cheers
11%
Titwood Bar
11%
Amethyst
5%
Argosy Bar
5%
Fairfield Club
5%
Loks
5%
MJ Heraghty Bar
5%
Neeson's Bar
5%
New Oasis
5%
Old Govan Arms
5%
Old Stag Inn
5%
Shaw's Bar
5%
Tall Cranes
5%
Viceroy Bar
5%
Zinfandel
5%
Cellar 675
0%
Croft bar
0%
Gables
0%
Green Baize Club
0%
Havana Lounge
0%
Kraken
0%
Last Rodeo
0%
Lunar
0%
Old Harmony Bar
0%
Old Plane Tree
0%
Reform Club
0%
Skips
0%
Steam Wheeler
0%
Velvet Sparrow
0%
Vital Spark
0%
No matching quizzes found
Score Distribution
Percent of People with Each Score
Percentile by Number Answered
Your Score History
You have not taken this quiz